Crime de sonegação previdenciária : (Record no. 852)

MARC details
000 -LÍDER
Campo Fixo de Controle 00911nam a2200265 a 4500
001 - NÚMERO DE CONTROLE
Campo de Controle 852
003 - IDENTIFICAÇÃO DO NÚMERO DE CONTROLE
Campo de Controle BR-CuiBMT
005 - DATA E HORA DA ÚLTIMA ATUALIZAÇÃO
Campo de Controle 20231128002412.0
008 - DADOS FIXOS
Dados Fixos 231121s2008 spb 000 0 por d
020 ## - INTERNATIONAL STANDARD BOOK NUMBER
Nº do ISBN 8574208620
040 ## - AGÊNCIA CATALOGADORA
Código da Agência Catalogadora BR-CuiBMT
Agência que transcreveu o registro BR-CuiBMT
080 ## - Nº DA CLASSIFICAÇÃO DECIMAL UNIVERSAL
Nº edição CDU 2007
Nº Class. CDU 343.232:349.3
090 ## - NÚMERO DE CHAMADA
Nº classificação 343.232:349.3
Cutter C929
245 00 - TÍTULO PRINCIPAL
Título principal Crime de sonegação previdenciária :
Subtítulo aspectos polêmicos /
Indicação de responsabilidade Carlos Valder do Nascimento (coordenador) ; André Portella ... [et al.].
260 ## - PUBLICAÇÃO, DISTRIBUIÇÃO, ETC.
Local de publicação São Paulo :
Editora Malheiros,
Data 2008.
300 ## - DESCRIÇÃO FÍSICA
N. páginas ou volumes 174 p. ;
Dimensões 21 cm
504 ## - NOTA DE BIBLIOGRAFIA, ETC.
Nota de bibliografia Inclui bibliografia.
650 ## - ASSUNTO TÓPICO
Cabeçalho tópico ou nome geográfico Contribuição previdenciária
Subdivisão geral legislação
Subdivisão geográfica Brasil
650 ## - ASSUNTO TÓPICO
Cabeçalho tópico ou nome geográfico Sonegação fiscal
650 ## - ASSUNTO TÓPICO
Cabeçalho tópico ou nome geográfico Crime contra a previdência social
650 ## - ASSUNTO TÓPICO
Cabeçalho tópico ou nome geográfico Capacidade contributiva
700 1# - ENTRADA SECUNDÁRIA -- NOME PESSOAL
Nome pessoal Nascimento, Carlos Valder do,
Datas associadas ao nome 1944-
Cód. do termo explicativo coord.
700 1# - ENTRADA SECUNDÁRIA -- NOME PESSOAL
Nome pessoal Portella, André
Termo de relação et al.
-- autores
942 ## - ELEMENTOS DE ENTRADA ADICIONAIS (KOHA)
Fonte de classificação ou esquema de arquivamento Classificação Decimal Universal
Tipo de item do Koha Livros
Holdings
Estado: removido Estado: perdido Fonte de classificação ou esquema de arquivamento Estado: danificado Indisponível para empréstimo Localização permanente Localização atual Data de aquisição Total Checkouts Número de Chamada completo Código de barras Date last seen Número do exemplar Preço efetivo a partir de Tipo de item (Koha)
    Classificação Decimal Universal     Biblioteca da Escola Superior de Contas do TCE/MT Biblioteca da Escola Superior de Contas do TCE/MT 26/11/2019   343.232:349.3 C929 BIBTCEMT23110793 21/11/2023 Ex. 1 21/11/2023 Livros

Powered by Koha